| 000 | 01350cam a2200409Ia 4500 | ||
|---|---|---|---|
| 001 | 7697582 | ||
| 003 | USPCAS-E | ||
| 005 | 20180118181414.0 | ||
| 006 | m d | ||
| 007 | cr n | ||
| 008 | 040528s2004 enka s 001 0 eng d | ||
| 020 | _a0750663979 | ||
| 020 | _a0080455980 | ||
| 035 | _a(WaSeSS)ssj0000225908 | ||
| 040 |
_aCaPaEBR _cCaPaEBR _dWaSeSS |
||
| 050 | 4 |
_aTK1001 _b.H49 2004eb |
|
| 050 | 4 | _aTK1005 | |
| 082 |
_222 _a621.317 _bHEW-P 2005 |
||
| 100 | 1 | _aHewitson, Les. | |
| 210 | 1 | 0 | _aPractical power system protection |
| 245 | 1 | 0 |
_aPractical power system protection _h[electronic resource] / _cLes Hewitson, Mark Brown, Ben Ramesh. |
| 250 | _a4th ed. | ||
| 260 |
_aOxford ; _aBurlington, MA : _bElsevier /Newnes, _cc2004. |
||
| 500 | _aIncludes index. | ||
| 502 | _a0 | ||
| 506 | _aLicense restrictions may limit access. | ||
| 650 | 0 | _aElectric power systems. | |
| 650 | 0 | _aElectrical engineering. | |
| 655 | 7 |
_aElectronic books. _2local |
|
| 700 | 1 | _aBrown, Mark. | |
| 700 | 1 | _aRamesh, Ben. | |
| 710 | 2 | _aebrary, Inc. | |
| 773 | 0 | _tReferex Electronics and Electrical Engineering | |
| 856 | 4 | 0 |
_uhttp://www.columbia.edu/cgi-bin/cul/resolve?clio7697582 _zFull text available from Referex Electronics and Electrical Engineering |
| 910 | _aVendor-generated brief record | ||
| 942 |
_2ddc _cBK |
||
| 999 |
_c355816 _d355816 |
||